Strategies for negation disagreement and refusal in English and Vietnamese /

Saved in:
Bibliographic Details
Main Author: Trịnh Thị Nghĩa
Format: Unknown
Language:English
Published: 2002.
Subjects:
Tags: Add Tag
No Tags, Be the first to tag this record!
Institutions: Mạng thư viện Đại học Đà Nẵng
LEADER 01120na a2200313 4500
001 000031943
003 7677
005 20230307095936.0
008 151001s2002 000 eng
040 |a LNN 
041 |a eng 
082 |a 420.4  |b TR-N 
100 |a Trịnh Thị Nghĩa 
245 0 |a Strategies for negation disagreement and refusal in English and Vietnamese /  |c Trịnh Thị Nghĩa. 
260 |c 2002. 
300 |a 68tr. : mh ; 30cm. 
650 |a Strategies for negation disagreement and refusal in English and Vietnamese, 2002 
852 |b P.Doc  |c Luận văn sinh viên 
OWN |a LNN 
AVA |a UDN50  |b LNN  |c English  |d 420.4 TR-N  |e available  |t Error 5001 Not defined in file expand_doc_bib_avail.  |f 2  |g 0  |h N  |i 0  |j AN 
999 |a From the UDN01 
AVA |a UDN50  |b LNN  |c English  |d 420.4 TR-N  |e available  |t Error 5001 Not defined in file expand_doc_bib_avail.  |f 2  |g 0  |h N  |i 0  |j AN 
TYP |a Printed language 
980 |a Mạng thư viện Đại học Đà Nẵng